| 000 | 00790cam a2200229 a 4500 | ||
|---|---|---|---|
| 001 | 000011629 | ||
| 003 | UkOxU | ||
| 005 | 20200929162516.0 | ||
| 008 | 860101s1971 sp a 000 0 spa d | ||
| 040 |
_aDO-SdBNP _bspa _cAZU _dBNPHU |
||
| 082 |
_a623.82 _bE83n |
||
| 100 | 1 |
_aEtayo, Carlos Elizondo, _d1921- _927533 |
|
| 245 | 1 | 0 |
_aNaos y carabelas de los descubrimientos y las naves de Colón / _cCarlos Etayo Elizondo. |
| 260 |
_aPamplona, (España) : _bAralar, _c1971. |
||
| 300 |
_a262 p. : _bil. ; _c22 cm. |
||
| 504 | _aIncluye referencias bibliográficas. | ||
| 650 | 4 |
_aBarcos de velas _xHistoria _927534 |
|
| 650 | 4 |
_aDescubrimientos geográficos _927535 |
|
| 650 | 4 |
_aOcéano atlántico _xDescripciones y viajes _927536 |
|
| 910 | _aCatalogación por copia / Oxford | ||
| 049 | _aBNGR | ||
| 999 |
_c11322 _d11322 |
||